Impact of terms-of-trade on business cycles of Slovakia, Czech Republic and Croatia
Štrukturálna vektorová auto regresná analýza výmenných relácií, obchodnej bilancie, výstupu hospodárstva , spotreby a zložiek cyklickej spotreby v SR, ČR a Chorvátsku. Vplyv ukazovateľov na hospodárske cykly.
Saved in:
| Main Author: | |
|---|---|
| Other Authors: | , |
| Format: | Book Chapter |
| Language: | English |
| Subjects: | |
| Tags: |
No Tags, Be the first to tag this record!
|
MARC
| LEADER | 00000nla a2200000 4500 | ||
|---|---|---|---|
| 001 | 0222075 | ||
| 005 | 20240502083550.7 | ||
| 041 | 0 | |a eng | |
| 044 | |a HR | ||
| 245 | 1 | 0 | |a Impact of terms-of-trade on business cycles of Slovakia, Czech Republic and Croatia |c Karol Szomolányi, Martin Lukáčik, Adriana Lukáčiková |
| 520 | |a Štrukturálna vektorová auto regresná analýza výmenných relácií, obchodnej bilancie, výstupu hospodárstva , spotreby a zložiek cyklickej spotreby v SR, ČR a Chorvátsku. Vplyv ukazovateľov na hospodárske cykly. | ||
| 610 | 2 | 0 | |a inovácia |
| 610 | 2 | 0 | |a relácie výmenné |
| 610 | 2 | 0 | |a cykly hospodárske |
| 610 | 2 | 0 | |a cykly podnikateľské |
| 610 | 2 | 0 | |a bilancia obchodná |
| 100 | 1 | |a Szomolányi, Karol, 1976- | |
| 700 | 1 | |a Lukáčik, Martin, 1974- | |
| 700 | 1 | |a Lukáčiková, Adriana, 1971- | |